| 000 | 04410namaa22004211i 4500 | ||
|---|---|---|---|
| 003 | OSt | ||
| 005 | 20251022113201.0 | ||
| 008 | 250723s2024 ua a|||frm||| 000 0 eng d | ||
| 040 |
_aEG-GICUC _bara _cEG-GICUC _dEG-GICUC _erda |
||
| 041 | 0 |
_aara _bara _beng |
|
| 049 | _aإيداع | ||
| 082 | 0 | 4 | _a910.02 |
| 092 |
_a910.02 _221 |
||
| 097 | _aمــــاجستير | ||
| 099 | _aCai01.02.02.M.A.2024.نش.ض | ||
| 100 | 0 |
_a،نشوى وحيد أحمد عبد المنعم _eإعداد. |
|
| 245 | 1 | 2 |
_aالضوابط الجيومورفولوجية للمواقع الأثرية فى محافظة الفيوم بإستخدام نظم المعلومات الجغرافية والإستشعار عن بعد / _cاعداد الطالبة نشوى وحيد أحمد عبد المنعم؛ تحت إشراف أ.د / جوده فتحى التركمانى، أ.م.د/ محمد إبراهيم محمد خطاب. |
| 246 | 1 | 5 | _aGeomorphological controls of archaeological sites in fayoum governorate by using gis & rs / |
| 264 | 0 | _c2024. | |
| 300 |
_a271 صفحة : _bإيضاحيات ؛ _c25 cm. + _eCD. |
||
| 336 |
_atext _2rda content |
||
| 337 |
_aUnmediated _2rdamedia |
||
| 338 |
_avolume _2rdacarrier |
||
| 502 | _aأطروحة (ماجستير)-جامعة القاهرة، 2024. | ||
| 504 | _aببليوجرافيا: صفحات 256-271. | ||
| 520 | _aتقع منطقة الدراسة غرب وادى النيل، بين خطى طول ً22.8 َ51 ْ29 ، ً33.6 ً7 ْ31 شرقاً، ودائرتى عرض ً55.5 َ57 28 ْ ، ً41.1 َ43 ْ29 شمالا، بمساحة تبلع حوالى 5852.12كم2. وتضم هذه الدراسة خمس فصول، ويتناول الفصل الأول الضوابط الطبيعية و البشرية لمنطقة الدراسة، وقد اشار الفصل الثاني للاشكال والوحدات الجيومورفولوجية بالمواقع الأثرية ،وقد تناول الفصل الثالث دور وتأثير عمليات التجوية في تدهور المواقع الأثرية، ومن ثم في الفصل الرابع يوضح نشاط عمليات الارساب والنحت وأثرهم علي تلك المواقع ، ويتناول الفصل الخامس وضع قواعد بيانات جغرافية للمواقع الأثرية، ونماذج تاريخية لإغلب المواقع الأثرية بمنطقة الدراسة، وتطبيق تحليل SWOT لتحددي نقاط القوى و الضعف بمنطقة الدراسة. | ||
| 520 | _aThe study area is located in the west of the Nile Valley, between longitudes 22.8 ً 51 َ 29 ْ and 33.6 ً 7 َ 31 ْ east, and latitudes 55.5 ً 57 َ 28° and 41.1 ً 43 َ 29° north, with an area covering about 5852.12 km2. This study includes five chapters. The first chapter deals with the natural and human controls of the study area. The second chapter referred to the forms and geomorphological units of archaeological sites. The third chapter dealt with the role and impact of weathering processes on the deterioration of archaeological sites, and then in the fourth chapter it explains the activity of sedimentation processes. And sculpture and their impact on those sites. The fifth chapter deals with developing geographical databases for archaeological sites, historical models for most of the archaeological sites in the study area, and applying SWOT analysis to determine the strengths and weaknesses of the study area. | ||
| 530 | _aصدر أيضًا كقرص مدمج. | ||
| 546 | _aالنص بالعربية والملخص باللغة الإنجليزية والعربية. | ||
| 650 | 7 |
_aالجغرافيا الطبيعية _2qrmak |
|
| 653 | 0 |
_aالجيومورفولوجية _aالمواقع الأثرية _aحضارة الفيوم (أ)، (ب) _aمناخ قديم |
|
| 700 | 0 |
_aجوده فتحى التركمانى _eمشرف أطروحة. |
|
| 700 | 0 |
_aمحمد إبراهيم محمد خطاب _eمشرف أطروحة. |
|
| 900 |
_b01-01-2024 _cجوده فتحى التركمانى _cمحمد إبراهيم محمد خطاب _dالسيد السيد الحسينى _dعادل عبد المنعم السعدنى _Uجامعة القاهرة _Fكلية الآداب _Dقسم الجيومورفولوجيا التطبيقية |
||
| 905 |
_aSara _eAfaf |
||
| 942 |
_2ddc _cTH _e21 _n0 |
||
| 999 | _c173161 | ||